| 000 | 00481nam a2200193Ia 4500 | ||
|---|---|---|---|
| 999 |
_c92987 _d92987 |
||
| 003 | 0100 | ||
| 005 | 20190715103822.0 | ||
| 008 | 130307s9999 xx 000 0 und d | ||
| 020 | _a0821354736 | ||
| 040 | _cARRUPELIB | ||
| 050 | _aHF 1611.S73 2003 | ||
| 245 | _aStandards and global trade | ||
| 245 | _ba voice for Africa | ||
| 260 |
_aWashington, D.C. _bThe World Bank _c2003 |
||
| 300 | _aliv | ||
| 300 | _b434p. 26 cm | ||
| 650 |
_aAfrica _xForeign economic relations _927761 |
||
| 650 |
_aExports _zAfrica _947010 |
||
| 700 |
_aWilson, John S. & Abiola, Victor O. (ed) _947011 |
||
| 942 |
_2lcc _cMONOGRAPH |
||